La botica de Mercurio (Record no. 171015)

MARC details
000 -LEADER
campo de control de longitud fija 00815nam a22001575i 4500
001 - NÚMERO DE CONTROL
campo de control 171015
003 - IDENTIFICADOR DE NÚMERO DE CONTROL
campo de control ES-MaACL
005 - FECHA Y HORA DE LA ÚLTIMA TRANSACCIÓN
campo de control 20230906214522.0
008 - DATOS DE LONGITUD FIJA--INFORMACIÓN GENERAL
campo de control de longitud fija 090422s1873 sp |||| | spa d
100 1# - ENTRADA PRINCIPAL--NOMBRE DE PERSONA
Nombre de persona Estrañi, José.
9 (RLIN) 48247
245 13 - MENCIÓN DEL TÍTULO
Título La botica de Mercurio
Resto del título : inventario bufo-mitológico en un acto y en verso /
Mención de responsabilidad, etc. original de José Estrañi.
260 ## - PUBLICACIÓN, DISTRIBUCIÓN, ETC.
Lugar de publicación, distribución, etc. Valladolid :
Nombre del editor, distribuidor, etc. [s.n.],
Fecha de publicación, distribución, etc. 1873 (
Fabricante Imp. de F. Santaren)
300 ## - DESCRIPCIÓN FÍSICA
Extensión 43 p. ;
Dimensiones 18 cm.
500 ## - NOTA GENERAL
Nota general En port.: Estrenado la noche del 24 de diciembre de 1873 en el teatro Lope de Vega de Valladolid, por la Sociedad Artística que dirige el primer actor D. Manuel Méndez.
852 ## - LOCALIZACIÓN
Ubicación ES-MaACL
Número de control de estantería F-8576(13)
Nota libre Enc. pasta española
condición física .- Falto de la cub. original
Nota libre .- Enc. en un vol. facticio, formando parte de la col. "Teatro español moderno", vol. 29
Holdings
Estatus retirado Estado de pérdida Estado de daño No para préstamo Colección Biblioteca de origen Biblioteca actual Ubicación en estantería Fecha de adquisición Fuente de adquisición Total de préstamos Signatura topográfica completa Código de barras Visto por última vez Precio de reemplazo Tipo de ítem Koha
        Libros del s. XIX Biblioteca del Ateneo de Madrid Biblioteca del Ateneo de Madrid Sala Pecera Planta 2 22/04/2009     F-8576(13) 1179478 23/02/2023 23/02/2023 Libro impreso antiguo